<?xml version='1.0' encoding='UTF-8'?><?xml-stylesheet href='static/style.xsl' type='text/xsl'?><OAI-PMH xmlns="http://www.openarchives.org/OAI/2.0/" xmlns:xsi="http://www.w3.org/2001/XMLSchema-instance" xsi:schemaLocation="http://www.openarchives.org/OAI/2.0/ http://www.openarchives.org/OAI/2.0/OAI-PMH.xsd"><responseDate>2026-04-15T17:19:06Z</responseDate><request verb="GetRecord" identifier="oai:ebiltegia.mondragon.edu:20.500.11984/13979" metadataPrefix="marc">https://ebiltegia.mondragon.edu/oai/request</request><GetRecord><record><header><identifier>oai:ebiltegia.mondragon.edu:20.500.11984/13979</identifier><datestamp>2026-01-29T08:38:05Z</datestamp><setSpec>com_20.500.11984_473</setSpec><setSpec>col_20.500.11984_478</setSpec></header><metadata><record xmlns="http://www.loc.gov/MARC21/slim" xmlns:dcterms="http://purl.org/dc/terms/" xmlns:xsi="http://www.w3.org/2001/XMLSchema-instance" xmlns:doc="http://www.lyncode.com/xoai" xsi:schemaLocation="http://www.loc.gov/MARC21/slim http://www.loc.gov/standards/marcxml/schema/MARC21slim.xsd">
   <leader>00925njm 22002777a 4500</leader>
   <datafield ind2=" " ind1=" " tag="042">
      <subfield code="a">dc</subfield>
   </datafield>
   <datafield ind2=" " ind1=" " tag="720">
      <subfield code="a">Gezala Rodero, Haitz</subfield>
      <subfield code="e">author</subfield>
   </datafield>
   <datafield ind2=" " ind1=" " tag="720">
      <subfield code="a">Garrido, David</subfield>
      <subfield code="e">author</subfield>
   </datafield>
   <datafield ind2=" " ind1=" " tag="720">
      <subfield code="a">Baraia-Etxaburu Zubiaurre, Igor</subfield>
      <subfield code="e">author</subfield>
   </datafield>
   <datafield ind2=" " ind1=" " tag="720">
      <subfield code="a">Aizpuru, Iosu</subfield>
      <subfield code="e">author</subfield>
   </datafield>
   <datafield ind2=" " ind1=" " tag="720">
      <subfield code="a">Paniagua Amillano, Julen</subfield>
      <subfield code="e">author</subfield>
   </datafield>
   <datafield ind2=" " ind1=" " tag="260">
      <subfield code="c">2025</subfield>
   </datafield>
   <datafield ind2=" " ind1=" " tag="520">
      <subfield code="a">The adoption of GaN-based devices in power converters offers significant improvements in efficiency and power density, but also intensifies thermal challenges by concentrating heat in smaller volumes. High current and compact surface-mount device packaging in GaN-based designs increase localised temperatures on printed circuit boards (PCBs), creating hotspots that can degrade materials, damage components, and compromise overall reliability. Traditional computational fluid dynamics (CFD)-based thermal analysis has been used to model PCB thermal behaviour, but its high computational cost and long setup times make it unsuitable for early-stage design. This paper introduces a MATLAB®-implemented thermal analysis tool that models PCBs as electro-thermal networks based on their hardware configuration. The tool operates in two stages: (1) an electrical network computes the current distribution and Joule heating losses across traces and vias, and (2) a thermal network uses these losses, together with power dissipation from electronic components, to calculate the temperature distribution across the PCB. The networks are coupled iteratively to account for temperature-dependent effects. The tool supports flexible configurations for layers, materials (e.g., FR4, copper, thermal vias), and heat sink (HS) integration. Validation against CFD simulations and experimental measurements confirm the accuracy of the tool in estimating temperature distributions, ensuring more effective thermal management in high-density power converters. This approach provides a fast and reliable alternative to CFD, significantly accelerating the design optimisation process.</subfield>
   </datafield>
   <datafield ind1="8" ind2=" " tag="024">
      <subfield code="a">1941-0107</subfield>
   </datafield>
   <datafield ind1="8" ind2=" " tag="024">
      <subfield code="a">https://katalogoa.mondragon.edu/janium-bin/janium_login_opac.pl?find&amp;ficha_no=191540</subfield>
   </datafield>
   <datafield ind1="8" ind2=" " tag="024">
      <subfield code="a">https://hdl.handle.net/20.500.11984/13979</subfield>
   </datafield>
   <datafield tag="653" ind2=" " ind1=" ">
      <subfield code="a">Electro-thermal modelling</subfield>
   </datafield>
   <datafield tag="653" ind2=" " ind1=" ">
      <subfield code="a">ODS 4 Educación de calidad</subfield>
   </datafield>
   <datafield tag="653" ind2=" " ind1=" ">
      <subfield code="a">ODS 7 Energía asequible y no contaminante</subfield>
   </datafield>
   <datafield tag="653" ind2=" " ind1=" ">
      <subfield code="a">ODS 9 Industria, innovación e infraestructura</subfield>
   </datafield>
   <datafield ind2="0" ind1="0" tag="245">
      <subfield code="a">Steady-state temperature calculation tool for multilayer PCBs</subfield>
   </datafield>
</record></metadata></record></GetRecord></OAI-PMH>